Alternatív módszerrel történő konfliktuskezelés az osztályfőnöki órák keretein belül
| Szerző: | |
|---|---|
| További közreműködők: | |
| Dokumentumtípus: | Diplomadolgozat |
| Kulcsszavak: | alternatív konfliktus kezelési módok osztályfőnöki munka Új pedagógiai módszer |
| Online Access: | http://dolgozattar.uni-bge.hu/11160 |
MARC
| LEADER | 00000nta a2200000 i 4500 | ||
|---|---|---|---|
| 001 | dolg11160 | ||
| 005 | 20170909104207.0 | ||
| 008 | 170512suuuu hu om 000 hun d | ||
| 040 | |a BGE Dolgozattár Repozitórium |b hun | ||
| 041 | |a hu | ||
| 100 | 1 | |a Halmi Gábor | |
| 245 | 1 | 0 | |a Alternatív módszerrel történő konfliktuskezelés az osztályfőnöki órák keretein belül |c Halmi Gábor |h [elektronikus dokumentum] |
| 695 | |a alternatív konfliktus kezelési módok | ||
| 695 | |a osztályfőnöki munka | ||
| 695 | |a Új pedagógiai módszer | ||
| 700 | 1 | |a Thuma Dr. Orsolya |e ths | |
| 856 | 4 | 0 | |u http://dolgozattar.uni-bge.hu/11160/1/Szakdolgozat%20teljes.pdf |z Dokumentum-elérés |